| 000 | 00560nam a22001937a 4500 | ||
|---|---|---|---|
| 999 |
_c12135 _d12135 |
||
| 003 | AR-CdUCM | ||
| 008 | 190405b ||||| |||| 00| 0 spa d | ||
| 040 |
_aMUNICIPALIDAD PROVINCIAL DEL CUSCO _cBIBLIOTECA MUNICIPAL DEL CUSCO |
||
| 082 |
_a868.6 / _bP15 / |
||
| 100 |
_aPalacio Valdés, Armando _910931 |
||
| 245 | _aEl cuarto poder / | ||
| 260 |
_aMadrid : _bFerraz, _c1922. |
||
| 300 |
_a337 paginas ; _c19 cm. |
||
| 505 | _aContenido :Novela / | ||
| 650 |
_aLiteratura _983 |
||
| 650 |
_aNovela _95 |
||
| 942 |
_2ddc _cLIBROS |
||
| 945 |
_arjall _d2019-04-05 |
||